|
|
|
|
| LEADER |
00000nab a2200000 a 4500 |
| 001 |
vtls009462866 |
| 003 |
SK-MaSNL |
| 005 |
20260304051715.0 |
| 008 |
090119c2007 xo mr p 000 c0ukr |
| 015 |
|
|
|a SNBRB2009/01
|
| 038 |
|
|
|a SVKPOCL
|
| 040 |
|
|
|a SVKPOCL
|b slo
|c SVKPOCL
|e AACR2
|
| 041 |
0 |
|
|a ukr
|
| 044 |
|
|
|a xo
|c SK
|
| 080 |
|
|
|a 821.161.2-1=161.2
|2 2001
|
| 080 |
|
|
|a 398.8
|2 2001
|
| 245 |
0 |
0 |
|a Chodyt' harbuz
|b (narodna pisnja)
|
| 300 |
|
|
|b Noty
|
| 650 |
0 |
7 |
|a ukrajinská literatúra
|2 svkpocl
|9 1218
|
| 650 |
0 |
7 |
|a ukrajinská poézia
|2 svkpocl
|9 59029
|
| 651 |
|
7 |
|a Ukrajina
|2 svkpocl
|9 168045
|
| 655 |
|
7 |
|a ľudové piesne, ukrajinské
|2 svkpocl
|9 1062876
|
| 773 |
0 |
|
|t Veselka
|g Rič. [60], č. 3 (2008/2009), s. 9
|x 1337-6314
|
| 852 |
|
|
|a SVKPO
|b KIS3GCP
|
| 958 |
|
|
|a UK
|
| 958 |
|
|
|a LX
|
| 958 |
|
|
|a UA
|
| 958 |
|
|
|a SK
|
| 999 |
|
|
|c 2704577
|d 2706507
|